Numerical heat transfer and fluid flow (Record no. 28187)

000 -LEADER
fixed length control field 00598nam a2200217 i 4500
001 - CONTROL NUMBER
control field 28187
003 - CONTROL NUMBER IDENTIFIER
control field BD-DhUET
008 - FIXED-LENGTH DATA ELEMENTS--GENERAL INFORMATION
fixed length control field 791227s1980 dcua b 001 0 eng
020 ## - INTERNATIONAL STANDARD BOOK NUMBER
International Standard Book Number 0070487405
040 ## - CATALOGING SOURCE
Original cataloging agency DLC
Transcribing agency DLC
Modifying agency BD-DhUET
082 00 - DEWEY DECIMAL CLASSIFICATION NUMBER
Classification number 536.2
Item number PAT/1980
100 ## - MAIN ENTRY--PERSONAL NAME
Personal name Patankar, Suhas V.
245 10 - TITLE STATEMENT
Title Numerical heat transfer and fluid flow
Statement of responsibility, etc. Suhas V. Patankar
250 ## - EDITION STATEMENT
Edition statement 1st ed.
260 ## - PUBLICATION, DISTRIBUTION, ETC. (IMPRINT)
Place of publication, distribution, etc. New York
Name of publisher, distributor, etc. McGraw-Hill
Date of publication, distribution, etc. 1980
300 ## - PHYSICAL DESCRIPTION
Extent xiii, 197 p.
Other physical details ill.
Dimensions 24 cm.
504 ## - BIBLIOGRAPHY, ETC. NOTE
Bibliography, etc Includes bibliographies
650 #0 - SUBJECT ADDED ENTRY--TOPICAL TERM
Topical term or geographic name as entry element Heat and mass transfer
650 #0 - SUBJECT ADDED ENTRY--TOPICAL TERM
Topical term or geographic name as entry element Fluid dynamics
942 ## - ADDED ENTRY ELEMENTS (KOHA)
Koha item type General Book
Holdings
Koha item type Koha date last borrowed Koha normalized classification for sorting Koha full call number Not for loan Withdrawn status Location (home branch) Sublocation or collection (holding branch) Koha date last seen Source of classification or shelving scheme Shelving location Date acquired Copy number Lost status Damaged status Piece designation (barcode) Koha issues (times borrowed) Price effective from
Reading Item 536_200000000000000_PAT_1980536.2/PAT/1980  Central Library, BUETCentral Library, BUET2015-06-09 Reading section2015-06-092  57569 2015-06-09
General Book2022-08-10536_200000000000000_PAT_1980536.2/PAT/1980  Central Library, BUETCentral Library, BUET2022-09-07 Circulation section2016-11-203  11441812016-11-20
General Book2019-02-11536_200000000000000_PAT_1980536.2/PAT/1980  Central Library, BUETCentral Library, BUET2020-03-01 Circulation section2016-11-204  11441922016-11-20
General Book 536_200000000000000_PAT_1980536.2/PAT/1980  Central Library, BUETCentral Library, BUET2016-11-20 Circulation section2016-11-201  57568 2016-11-20